|
|
|
|
| LEADER |
00000nab a2200000 a 4500 |
| 001 |
vtls000169595 |
| 003 |
SK-MaSNL |
| 005 |
20260302213135.0 |
| 008 |
111031c1983 xo 0 slo |
| 015 |
|
|
|a SNBRA19rr/mm-uuuuu
|
| 035 |
|
|
|a CL0179706
|
| 040 |
|
|
|a SNKBUCL
|b slo
|c SNKBUCL
|e AACR2
|
| 041 |
0 |
|
|a slo
|
| 044 |
|
|
|a xo
|c SK
|
| 080 |
|
|
|a 069.02:630+674
|2 1981
|
| 080 |
|
|
|a 630
|2 1981
|
| 080 |
|
|
|a 674
|2 1981
|
| 080 |
|
|
|a 639.1
|2 1981
|
| 100 |
1 |
|
|a Foltán, Július,
|d 1923-1994
|4 aut
|9 38997
|
| 245 |
1 |
0 |
|a Z činnosti LDPM v rokoch 1980 a 1981
|c Július Foltán
|
| 610 |
2 |
7 |
|a Lesnícke, drevárske a poľovnícke múzeum (Svätý Anton, Slovensko)
|2 snkbucl
|9 220234
|
| 651 |
|
7 |
|a 5312
|2 snkbucl
|9 283241
|
| 655 |
|
7 |
|a články zo zborníkov
|2 snkbucl
|9 166140
|
| 773 |
0 |
|
|t Zborník Lesníckeho, drevárskeho a poľovníckeho múzea 12
|d Martin : Osveta, 1983
|
| 850 |
|
|
|a Slovenská národná knižnica v Martine
|a MTA001
|
| 852 |
|
|
|a SNK
|b KIS3GCP
|
| 958 |
|
|
|a RK
|
| 992 |
|
|
|a RZB
|
| 999 |
|
|
|c 1492313
|d 1494243
|